000 00399 a2200157 4500
001 75379
020 _a8520916708
040 _cAnchieta - Colégio São Paulo
100 _aLacerda, Nilma Gonçalves
240 1 0 _aUm dente de leite, um saco de ossinhos
_lpor
245 1 0 _aUm dente de leite, um saco de ossinhos
300 _a32
362 0 _a2004
650 4 _aLiteratura infantil
942 _cBK
999 _c75379
_d75379